00636nam a22001937a 450000500170000001000250001702000260004203500230006803700150009103700160010608200140012224500980013626000310023427000650026530000380033050000490036870000220041771000030043920110629103743.0 aENG-102692 B-456797 c795.00a9780415664998 aEN-86225 B-456797 bDBAD / PUB bK.K.Pub/Ven a305.80094 aMigration, identity and conflict :cedited by S. Irudaya RajanbIndia migration report 2011 / aNew DelhibRoutledgec2011 a912-915 Tolstoy House, 15-17 Tolstoy MargbNew Delhie110001 axviii,338 p. : c23cm (Hb) bill. aIncludes bibliographical references and ndex aIrudaya Rajan, S.